La ortografía rrazional
I tiakina i:
| Kaituhi matua: | |
|---|---|
| Hōputu: | Pukapuka |
| Reo: | Pāniora |
| I whakaputaina: |
Quillota, Chile
Kárlos Kabezón
1902
|
| Ngā marau: | |
| Ngā Tūtohu: |
Tāpirihia he Tūtohu
Kāore He Tūtohu, Me noho koe te mea tuatahi ki te tūtohu i tēnei pūkete!
|
MARC
| LEADER | 00000nam a2200000 a 4500 | ||
|---|---|---|---|
| 001 | UCJ4586 | ||
| 003 | CL-VaPUC | ||
| 005 | 20201210140509.0 | ||
| 008 | 070124e19020000CL |||||||||||||||||spa|d | ||
| 999 | |c 320702 |d 320700 | ||
| 040 | |c Pontificia Universidad Católica de Valparaíso | ||
| 082 | 0 | 4 | |a 090 KAB 1902 |2 21 |
| 100 | |a Cabezón, Carlos |e author |9 508599 | ||
| 245 | 1 | 3 | |a La ortografía rrazional |
| 246 | 1 | 3 | |a La ortografía racional |
| 260 | 0 | 3 | |a Quillota, Chile |b Kárlos Kabezón |c 1902 |
| 300 | |a 24 páginas | ||
| 500 | |a La copia 2 está empastada en un mismo volumen con La ortografía y los kuatro senadores; la c.3, con Someros rreparos a las diez rrazones de una nota akadémika sobre ortografía; la c.4 y 5, con Tradukziones i traduktores | ||
| 583 | |a last modification |c 20070124 00:00:00 |k Rodrigo Vera | ||
| 650 | 7 | |a ORTOGRAFIA RACIONAL |2 CL-VaPUC |9 342450 | |
| 650 | 7 | |a NEOGRAFOS |2 CL-VaPUC |9 342451 | |
| 650 | 7 | |a BIBLIOGRAFIA |2 CL-VaPUC |9 256175 | |
| 650 | 7 | |a LIBRO RARO |2 CL-VaPUC |9 504169 | |
| 942 | |c BK |2 ddc | ||
| 945 | |d 20070124 00:00:00 |a rinostro | ||
| 952 | |0 0 |1 0 |2 ddc |4 0 |6 090_000000000000000_KAB_1902 |7 0 |8 X |9 399275 |a FDOBUD |b FDOBUD |d 2019-11-22 |i 1022067 |o 090 KAB 1902 |p 1022067 |r 2019-11-22 |t 1 |w 2019-11-22 |y BK_X |k BUD | ||
| 952 | |0 0 |1 0 |2 ddc |4 0 |6 090_000000000000000_KAB_1902 |7 0 |8 X |9 399276 |a FDOBUD |b FDOBUD |d 2019-11-22 |i 1022083 |o 090 KAB 1902 |p 1022083 |r 2019-11-22 |t 2 |w 2019-11-22 |y BK_X |k BUD | ||
| 952 | |0 0 |1 0 |2 ddc |4 0 |6 090_000000000000000_KAB_1902 |7 0 |8 X |9 399277 |a FDOBUD |b FDOBUD |d 2019-11-22 |i 1022105 |o 090 KAB 1902 |p 1022105 |r 2019-11-22 |t 3 |w 2019-11-22 |y BK_X |k BUD | ||
| 952 | |0 0 |1 0 |2 ddc |4 0 |6 090_000000000000000_KAB_1902 |7 0 |8 X |9 399278 |a FDOBUD |b FDOBUD |d 2019-11-22 |i 1022075 |o 090 KAB 1902 |p 1022075 |r 2019-11-22 |t 4 |w 2019-11-22 |y BK_X |k BUD | ||
| 952 | |0 0 |1 0 |2 ddc |4 0 |6 090_000000000000000_KAB_1902 |7 0 |8 X |9 399279 |a FDOBUD |b FDOBUD |d 2019-11-22 |i 1022059 |o 090 KAB 1902 |p 1022059 |r 2019-11-22 |t 5 |w 2019-11-22 |y BK_X |k BUD | ||
| 952 | |0 0 |1 0 |2 ddc |4 0 |6 090_000000000000000_KAB_1902 |7 0 |8 X |9 399280 |a FDOBUD |b FDOBUD |d 2019-11-22 |i 1022148 |o 090 KAB 1902 |p 1022148 |r 2019-11-22 |t 6 |w 2019-11-22 |y BK_X |k BUD | ||